01841cam a22004097a 4500003000500000005001700005008004100022010001000063011001000073035001000083040000900093090001000102100004400112245016000156260004100316300002200357502010300379590003700482590004100519590004100560590004100601590004200642650001500684650004800699650003700747650003200784901000700816905002300823942000900846949005500855949005500910949004200965999001701007952014001024952014001164952012701304CHAP20220817043423.0980313d1997 mx r 00110 spa d a74929 a75901 a85474 cCHAP aTesis00aHernández García, Bartolo B.95403910aSelección familial en plantas de Eucalyptus camaldulensis Dehnh., evaluados bajo condiciones de salinidad en viveroc/por Bartolo B. Hernández García aChapingo, Méx. :bEl autor,c1997. a69 h. :bgráfs. aTesis (Ing. Forestal con Orientación en Silvicultura) -- UACH. División de Ciencias Forestales aALEPHb10c20130110lUCH01h1422 aBATCH-UPDb10c20130110lUCH01h0748 aBATCH-UPDb10c20130410lUCH01h0429 aBATCH-UPDb10c20130914lUCH01h1333 aCONVERSIONb10c20130109lUCH01h134114aEucalipto.14aPlantasxResistencia a la salinidad.98888414aVariación (Biología)911814014aViveros forestales.9120100 aBK aLilia Sánchez G. cFOLL bBCcTESd33724000585691eTS2fc.2h32389i85474sb bBCcTESd33724000768339eTS2fc.3h35480i85474si bBCcTESd854741eTS1h32388i85474sb c74929d74929 00102local4053708TESISaBCbBCcPA_TESISd2019-12-31fTESISl0oTesisp33724000585691r2019-12-31 00:00:00tc.2w2019-12-31yTESIS 00102local4053708TESISaBCbBCcPA_TESISd2019-12-31fTESISl0oTesisp33724000768339r2019-12-31 00:00:00tc.3w2019-12-31yTESIS 00102local4051708TESISaBCbBCcPA_TESISd2019-12-31fTESISl0oTesisp854741r2019-12-31 00:00:00w2019-12-31yTESIS